000 01436nam a2200385 i 4500
003 DO-SdBNP
005 20240627091301.0
006 a||||gr|||| 00| 0
007 ta
008 240626t1990 sp aoc|| |||| 00| e spa d
020 _a8479270454
020 _a8422642506
040 _aDO-SdBNP
_bspa
_cBNPHU
_erda
041 _heng
082 4 _222
_bD897d
100 1 _aDunn Mascetti, Manuela
_eautora
_985824
245 1 0 _aDiosas:
_bla canción de Eva /
_cManuela Dunn Mascetti; presentación, Jennifer Barker Woolger y Roger Woolger; traducción, Teresa Camprodón
246 1 3 _aThe Song of Eva.
264 4 _aBarcelona, España :
_bRobinbook,
_c©1990
300 _a239 páginas :
_bilustraciones ;
_c22 cm.
336 _2rdacontent
_atexto
_btxt
337 _2rdamedia
_asin mediación
_bn
338 _2rdacarrier
_avlumen
_bnc
490 _aRobinbook
490 _aCículo de Lectores ;
_v30015
500 _aIncluye datos biográficos de la autora en la solapa de la contracubierta.
504 _aBibliografías: páginas 237 - 239.
534 _aTítulo original: The Song of Eva.
_cEdiciones Robinbook, Barcelona, 1990.
590 _aInventariado 2024 / MF
650 4 _aBrujas
_xMitos y Leyendas
_939290
_zBarcelona, España
700 1 _aCamprodón, Teresa,
_911908
_etraductora
700 2 _aBarker Woolger, Jennifer,
_epresentación
_985825
700 2 _aWoolger, Roger,
_epresentación
_985826
942 _2ddc
_cLBS1
999 _c57002
_d57002